000 00286nam a22001337a 4500
008 190205b xxu||||| |||| 00| 0 eng d
020 _a0070586349
041 _aeng
080 _a530
100 _a43
101 _aFIZ
245 _aElements of Physics
_cSmith,A.W
942 _2udc
_cBK
999 _c54006
_d54006